[Event "XXXIII Olimpiadi"]
[Site "Elista RUS"]
[Date "1998.10.04"]
[Round "6.3"]
[White "Arlandi, Ennio"]
[Black "Toloza Soto, Pablo"]
[Result "1-0"]
[WhiteElo "2440"]
[BlackElo "2350"]
[Annotator "ITA-CHI"]
[PlyCount "127"]
[EventDate "1998.09.29"]

1.d4 Nf6 2.c4 e6 3.Nc3 d5 4.cxd5 exd5 5.Bg5 c6 6.e3 Nbd7 7.Bd3 Be7 8.Nge2 
Nf8 9.f3 Ne6 10.Bh4 O-O 11.Bf2 c5 12.O-O g6 13.Qd2 b6 14.Rad1 Bb7 15.Rfe1 
Kg7 16.Bb1 Re8 17.a3 Qd7 18.Nc1 cxd4 19.exd4 Nh5 20.Be3 Kg8 21.Nd3 f6 22.
Nf2 Kh8 23.Ng4 Rad8 24.g3 Bd6 25.Bf2 Ng5 26.Kg2 Ne4 27.Qd3 Nxc3 28.Qxc3 
Rxe1 29.Rxe1 Re8 30.Rxe8+ Qxe8 31.Qd2 Bf8 32.Be3 Qe6 33.Bd3 Ng7 34.Bh6 Qe7
35.Qf4 Ne6 36.Qb8 a5 37.h4 Kg8 38.h5 gxh5 39.Ne3 Qc7 40.Qe8 Qf7 41.Bxh7+ 
Qxh7 42.Qxe6+ Qf7 43.Qxf7+ Kxf7 44.Bxf8 Kxf8 45.Kh3 Kf7 46.Kh4 Ba6 47.Kxh5
Be2 48.Kg4 Ke6 49.Kf4 Bd3 50.Nd1 Bb5 51.Nc3 Bd7 52.g4 Be8 53.g5 Bc6 54.Kg4
Kf7 55.f4 Kg7 56.f5 Kf7 57.Kf4 Ke7 58.Nd1 fxg5+ 59.Kxg5 Be8 60.Ne3 Bf7 61.
Ng4 Be8 62.Ne5 a4 63.Nd3 Bc6 64.Nb4 1-0

[Event "XXXIII Olimpiadi"]
[Site "Elista RUS"]
[Date "1998.10.04"]
[Round "6.4"]
[White "Varas, Carlos"]
[Black "Belotti, Bruno"]
[Result "1-0"]
[WhiteElo "2305"]
[BlackElo "2430"]
[Annotator "ITA-CHI"]
[PlyCount "49"]
[EventDate "1998.09.29"]

1.e4 c5 2.c3 Nf6 3.e5 Nd5 4.Nf3 e6 5.d4 cxd4 6.cxd4 b6 7.Nc3 Nxc3 8.bxc3 
Qc7 9.Bd2 d6 10.Bd3 Nd7 11.O-O dxe5 12.Re1 g6 13.Qa4 Bg7 14.Be4 Rb8 15.
Nxe5 b5 16.Qa3 Nxe5 17.dxe5 Bxe5 18.Bc6+ Bd7 19.Bxd7+ Qxd7 20.Qc5 Bg7 21.
Rad1 Rc8 22.Qb4 Rc4 23.Qa3 Qc7 24.Bg5 Rc5 25.Qxc5 1-0

[Event "XXXIII Olimpiadi"]
[Site "Elista RUS"]
[Date "1998.10.05"]
[Round "7.2"]
[White "Godena, Michele"]
[Black "Horvath, Csaba"]
[Result "1/2-1/2"]
[WhiteElo "2510"]
[BlackElo "2540"]
[Annotator "ITA-HUN"]
[PlyCount "31"]
[EventDate "1998.09.29"]

1.e4 c5 2.c3 d5 3.exd5 Qxd5 4.d4 Nf6 5.Nf3 Nc6 6.Be2 cxd4 7.cxd4 e6 8.O-O 
Be7 9.Nc3 Qd6 10.Be3 O-O 11.Rc1 b6 12.Qd2 Bb7 13.a3 Rac8 14.Rfd1 Nd5 15.
Nxd5 Qxd5 16.Bc4 1/2-1/2

[Event "XXXIII Olimpiadi"]
[Site "Elista RUS"]
[Date "1998.10.05"]
[Round "7.3"]
[White "Horvath, Jozsef"]
[Black "Arlandi, Ennio"]
[Result "1/2-1/2"]
[WhiteElo "2530"]
[BlackElo "2440"]
[Annotator "ITA-HUN"]
[PlyCount "33"]
[EventDate "1998.09.29"]

1.Nf3 d5 2.d4 Nf6 3.c4 e6 4.g3 Bb4+ 5.Bd2 Be7 6.Bg2 O-O 7.Qc2 c6 8.O-O 
Nbd7 9.Bf4 b6 10.Rd1 Ba6 11.Nbd2 Rc8 12.e4 Bb7 13.Rac1 c5 14.exd5 exd5 15.
Qf5 g6 16.Qh3 h5 17.Bg5 1/2-1/2

[Event "XXXIII Olimpiadi"]
[Site "Elista RUS"]
[Date "1998.10.05"]
[Round "7.4"]
[White "Borgo, Giulio"]
[Black "Gyimesi, Zoltan"]
[Result "1/2-1/2"]
[WhiteElo "2445"]
[BlackElo "2525"]
[Annotator "ITA-HUN"]
[PlyCount "41"]
[EventDate "1998.09.29"]

1.e4 e5 2.Nf3 Nc6 3.d4 exd4 4.Nxd4 Nf6 5.Nxc6 bxc6 6.Bd3 d5 7.exd5 cxd5 8.
Bb5+ Bd7 9.Bxd7+ Qxd7 10.O-O Be7 11.c4 O-O 12.cxd5 Nxd5 13.Nc3 Rfd8 14.
Nxd5 Qxd5 15.Qxd5 Rxd5 16.Be3 Bf6 17.Rac1 Bxb2 18.Rxc7 Be5 19.Rc4 g6 20.
Rb1 Rad8 21.Kf1 1/2-1/2

[Event "XXXIII Olimpiadi"]
[Site "Elista RUS"]
[Date "1998.10.06"]
[Round "8.2"]
[White "Godena, Michele"]
[Black "Dervishi, Erald"]
[Result "1/2-1/2"]
[WhiteElo "2510"]
[BlackElo "2430"]
[Annotator "ITA-ALB"]
[PlyCount "81"]
[EventDate "1998.09.29"]

1.e4 e5 2.Nf3 Nc6 3.Bb5 a6 4.Bxc6 dxc6 5.O-O f6 6.d4 Bg4 7.c3 exd4 8.cxd4 
Qd7 9.Be3 O-O-O 10.Nbd2 h5 11.Rc1 f5 12.d5 Bxf3 13.Nxf3 fxe4 14.dxc6 Qxd1 
15.Rfxd1 Rxd1+ 16.Rxd1 bxc6 17.Ne5 Nf6 18.Nf7 Rg8 19.Rd8+ Kb7 20.Bd4 Be7 
21.Rxg8 Nxg8 22.Bxg7 Kb6 23.Kf1 Kc5 24.Nh6 Nxh6 25.Bxh6 Bf6 26.Bc1 Kd5 27.
Ke2 c5 28.h3 c4 29.g4 hxg4 30.hxg4 Bd4 31.f3 exf3+ 32.Kxf3 c3 33.b3 Bg7 
34.g5 Kd4 35.Ke2 Ke4 36.a4 Bd4 37.Ba3 Be3 38.g6 Bh6 39.Bc1 Bg7 40.Ba3 Kf5 
41.Kd3 1/2-1/2

[Event "XXXIII Olimpiadi"]
[Site "Elista RUS"]
[Date "1998.10.06"]
[Round "8.3"]
[White "Seitaj, Ilir"]
[Black "Arlandi, Ennio"]
[Result "1/2-1/2"]
[WhiteElo "2395"]
[BlackElo "2440"]
[Annotator "ITA-ALB"]
[PlyCount "74"]
[EventDate "1998.09.29"]

1.e4 c5 2.c3 d5 3.exd5 Qxd5 4.d4 Nf6 5.Nf3 e6 6.Be3 cxd4 7.cxd4 Nc6 8.Nc3 
Qd8 9.a3 Be7 10.Bd3 O-O 11.O-O b6 12.Qe2 Bb7 13.Rad1 Rc8 14.Bb1 Nd5 15.Qd3
g6 16.Bh6 Nxc3 17.Qxc3 Na5 18.Qe3 Nc4 19.Qf4 Re8 20.Ne5 Nxe5 21.dxe5 Qc7 
22.f3 Red8 23.h4 Ba6 24.Rfe1 Qc5+ 25.Kh2 Qf2 26.Bg5 Bxg5 27.Qxg5 Rd4 28.
Rxd4 Qxd4 29.Re4 Qd1 30.Ba2 Rc1 31.h5 h6 32.Qf6 Qh1+ 33.Kg3 Rc2 34.Qd8+ 
Kg7 35.Qf6+ Kg8 36.Qd8+ Kg7 37.Qf6+ Kg8 1/2-1/2

[Event "XXXIII Olimpiadi"]
[Site "Elista RUS"]
[Date "1998.10.06"]
[Round "8.4"]
[White "D'Amore, Carlo"]
[Black "Karkanaqe, Ilir"]
[Result "1/2-1/2"]
[WhiteElo "2465"]
[BlackElo "2395"]
[Annotator "ITA-ALB"]
[PlyCount "85"]
[EventDate "1998.09.29"]

1.Nf3 Nf6 2.g3 d5 3.c4 e6 4.Bg2 Be7 5.O-O O-O 6.b3 c5 7.Bb2 Nc6 8.d3 b6 9.
e3 Bb7 10.Qe2 dxc4 11.bxc4 Rc8 12.Nc3 Qc7 13.Rad1 Rfd8 14.Ne1 a6 15.f4 Na7
16.g4 b5 17.g5 Ne8 18.Ne4 bxc4 19.dxc4 Rxd1 20.Qxd1 Rd8 21.Qg4 Bf8 22.Rf2 
Nc8 23.g6 Bxe4 24.gxf7+ Qxf7 25.Bxe4 Ncd6 26.Bxh7+ Kxh7 27.Qh4+ Kg8 28.
Qxd8 Qg6+ 29.Rg2 Qe4 30.Nc2 Qxc4 31.Qa5 Ne4 32.Be5 Be7 33.h3 Bh4 34.Qb6 
Bf2+ 35.Rxf2 Nxf2 36.Na3 Nxh3+ 37.Kh2 Qe2+ 38.Kxh3 Qf3+ 39.Kh2 Qf2+ 40.Kh1
Qf1+ 41.Kh2 Qf2+ 42.Kh3 Qf3+ 43.Kh2 1/2-1/2

[Event "XXXIII Olimpiadi"]
[Site "Elista RUS"]
[Date "1998.10.07"]
[Round "9.1"]
[White "Efimov, Igor"]
[Black "Solomon, Stephen J."]
[Result "1/2-1/2"]
[WhiteElo "2530"]
[BlackElo "2435"]
[Annotator "ITA-AUS"]
[PlyCount "118"]
[EventDate "1998.09.29"]

1.c4 e5 2.Nc3 Bb4 3.Qb3 Nc6 4.e3 Nf6 5.a3 Bxc3 6.Qxc3 O-O 7.d3 d5 8.cxd5 
Qxd5 9.Nf3 Bg4 10.Be2 e4 11.dxe4 Nxe4 12.Qc4 Qxc4 13.Bxc4 Rad8 14.O-O Bxf3
15.gxf3 Nd2 16.Bxd2 Rxd2 17.f4 Rxb2 18.Rfd1 Na5 19.Rac1 b5 20.Bd5 Rc8 21.
Bc6 Nxc6 22.Rxc6 Kf8 23.Ra6 Ra2 24.Rb1 c5 25.Rxb5 Rc7 26.Rba5 c4 27.Rxa7 
Rxa7 28.Rxa7 c3 29.Kg2 Ke8 30.a4 Kd8 31.Ra5 Kd7 32.Rc5 c2 33.Kf3 f5 34.a5 
Kd6 35.Rc3 Ke6 36.a6 Kf6 37.a7 Rxa7 38.Rxc2 Ra6 39.Rc7 Rb6 40.Kg3 Re6 41.
Rc3 Ra6 42.f3 Ra4 43.Rb3 h6 44.h3 Rc4 45.Rb6+ Kf7 46.Rb2 Kf6 47.Re2 Rc3 
48.Kg2 g5 49.Kg3 Rc4 50.e4 fxe4 51.Rxe4 Rc1 52.Ra4 Rg1+ 53.Kf2 Rh1 54.Kg2 
Rb1 55.fxg5+ hxg5 56.h4 gxh4 57.Rxh4 Kf5 58.Ra4 Rc1 59.Kf2 Rb1 1/2-1/2

[Event "XXXIII Olimpiadi"]
[Site "Elista RUS"]
[Date "1998.10.07"]
[Round "9.2"]
[White "West, Guy"]
[Black "Godena, Michele"]
[Result "1/2-1/2"]
[WhiteElo "2405"]
[BlackElo "2510"]
[Annotator "ITA-AUS"]
[PlyCount "23"]
[EventDate "1998.09.29"]

1.e4 e5 2.Nf3 Nc6 3.Bb5 a6 4.Ba4 Nf6 5.d4 exd4 6.O-O Be7 7.Re1 b5 8.Bb3 d6
9.Bd5 Nxd5 10.exd5 Ne5 11.Nxd4 O-O 12.a4 1/2-1/2

[Event "XXXIII Olimpiadi"]
[Site "Elista RUS"]
[Date "1998.10.07"]
[Round "9.3"]
[White "Arlandi, Ennio"]
[Black "Sandler, Leonid"]
[Result "1-0"]
[WhiteElo "2440"]
[BlackElo "2385"]
[Annotator "ITA-AUS"]
[PlyCount "81"]
[EventDate "1998.09.29"]

1.d4 d5 2.c4 Bf5 3.cxd5 Bxb1 4.Qa4+ c6 5.Rxb1 Qxd5 6.Nf3 Nd7 7.a3 Ngf6 8.
e3 e5 9.Bc4 Qd6 10.Qb3 O-O-O 11.Ng5 Nd5 12.Nxf7 Qg6 13.Nxd8 Qxb1 14.O-O 
Qg6 15.Nxb7 N7b6 16.Na5 exd4 17.Bxd5 cxd5 18.exd4 Bd6 19.Qc3+ Bc7 20.Bf4 
Qf7 21.Bg3 Kb8 22.Re1 Bxg3 23.Qxg3+ Ka8 24.Qd6 Rc8 25.f3 Nc4 26.Nxc4 dxc4 
27.Re7 Qf5 28.h3 c3 29.bxc3 Qb1+ 30.Kh2 Qb8 31.Qxb8+ Kxb8 32.Rxg7 Rxc3 33.
Rxh7 Rxa3 34.h4 a5 35.h5 Rb3 36.Rg7 Rb5 37.g4 a4 38.h6 Rb6 39.g5 Rb2+ 40.
Kg3 Rb1 41.h7 1-0

[Event "XXXIII Olimpiadi"]
[Site "Elista RUS"]
[Date "1998.10.07"]
[Round "9.4"]
[White "Depasquale, Chris"]
[Black "Borgo, Giulio"]
[Result "0-1"]
[WhiteElo "2305"]
[BlackElo "2445"]
[Annotator "ITA-AUS"]
[PlyCount "54"]
[EventDate "1998.09.29"]

1.e4 c5 2.c4 Nc6 3.Nc3 g6 4.g3 Bg7 5.Bg2 d6 6.Nge2 e6 7.O-O Nge7 8.d3 O-O 
9.Be3 Nd4 10.Rb1 Qa5 11.Bxd4 cxd4 12.Nb5 Qb6 13.a4 Bd7 14.b4 a5 15.Qd2 Nc6
16.bxa5 Qc5 17.Nc7 Qxa5 18.Qxa5 Rxa5 19.Rxb7 Ne5 20.Rb3 Rxa4 21.Rd1 Ra2 
22.Kf1 Ba4 23.Rbb1 Bc2 24.Ra1 Rxa1 25.Rxa1 Bxd3 26.Rd1 Bxc4 27.Rxd4 Rc8 
0-1

[Event "XXXIII Olimpiadi"]
[Site "Elista RUS"]
[Date "1998.10.09"]
[Round "10.1"]
[White "Efimov, Igor"]
[Black "Forster, Richard"]
[Result "1/2-1/2"]
[WhiteElo "2530"]
[BlackElo "2475"]
[Annotator "ITA-SUI"]
[PlyCount "110"]
[EventDate "1998.09.29"]

1.Nf3 Nf6 2.g3 g6 3.Bg2 Bg7 4.d4 O-O 5.O-O d6 6.c4 Nc6 7.Nc3 a6 8.b3 Rb8 
9.Bb2 b5 10.cxb5 axb5 11.Rc1 Bd7 12.d5 Na5 13.Nd4 b4 14.Nb1 Nxd5 15.Bxd5 
c5 16.Rc2 cxd4 17.Bxd4 Bf5 18.Rc1 Bh3 19.Re1 Qd7 20.Bxg7 Kxg7 21.Qd4+ e5 
22.Qd3 Rfc8 23.Nd2 Rxc1 24.Rxc1 Rc8 25.Rc2 Nc6 26.Nc4 Nd4 27.Rd2 Qb5 28.
Bg2 d5 29.Bxh3 dxc4 30.Qe3 Rc7 31.bxc4 Rxc4 32.f4 f6 33.Kf2 Qc5 34.fxe5 
fxe5 35.Bg4 Rc3 36.Rd3 Rc2 37.Rd2 Rc3 38.Rd3 h5 39.Bf3 Rc2 40.Rd2 Rc3 41.
Rd3 Kf6 42.Be4 Rc1 43.Kg2 Kg7 44.Qg5 Rg1+ 45.Kf2 Ne6+ 46.Qe3 Ra1 47.Bd5 
Kf6 48.Qxc5 Nxc5 49.Rf3+ Ke7 50.e4 Ne6 51.h4 Rb1 52.Rb3 Rxb3 53.Bxb3 Nc5 
54.Bd5 Kf6 55.Ke3 Ke7 1/2-1/2

[Event "XXXIII Olimpiadi"]
[Site "Elista RUS"]
[Date "1998.10.09"]
[Round "10.3"]
[White "Borgo, Giulio"]
[Black "Zueger, Beat"]
[Result "1/2-1/2"]
[WhiteElo "2445"]
[BlackElo "2425"]
[Annotator "ITA-SUI"]
[PlyCount "72"]
[EventDate "1998.09.29"]

1.e4 e6 2.d4 d5 3.Nc3 Nf6 4.Bg5 dxe4 5.Nxe4 Be7 6.Bxf6 gxf6 7.Nf3 b6 8.Bc4
Bb7 9.Qe2 c6 10.O-O-O Qc7 11.Rhe1 Nd7 12.Kb1 O-O-O 13.Ba6 Bxa6 14.Qxa6+ 
Kb8 15.Qe2 Rhg8 16.g3 f5 17.Ned2 h5 18.Nc4 h4 19.Rd3 hxg3 20.hxg3 Bf6 21.
Red1 f4 22.gxf4 Qxf4 23.a3 Qc7 24.Qe4 Rh8 25.Nfe5 Nxe5 26.dxe5 Rxd3 27.
Rxd3 Be7 28.Nd6 Bxd6 29.Rxd6 c5 30.Qd3 Kc8 31.Qf3 Kb8 32.Qd3 Kc8 33.Qf3 
Kb8 34.c4 Rd8 35.Rxd8+ Qxd8 36.Qe4 Qd2 1/2-1/2

[Event "XXXIII Olimpiadi"]
[Site "Elista RUS"]
[Date "1998.10.09"]
[Round "10.4"]
[White "Nemet, Ivan"]
[Black "Belotti, Bruno"]
[Result "0-1"]
[WhiteElo "2395"]
[BlackElo "2430"]
[Annotator "ITA-SUI"]
[PlyCount "158"]
[EventDate "1998.09.29"]

1.d4 d6 2.Nf3 Bg4 3.e4 Nf6 4.Nbd2 e6 5.Bd3 Be7 6.c3 d5 7.Qa4+ c6 8.Ne5 Bh5
9.O-O Nbd7 10.Nxd7 Nxd7 11.f4 dxe4 12.Nxe4 O-O 13.Qc2 Bg6 14.Be3 Qc7 15.
Rad1 Rad8 16.Ng3 Bxd3 17.Rxd3 c5 18.f5 cxd4 19.Bxd4 e5 20.Bf2 Nf6 21.Rfd1 
Rxd3 22.Rxd3 Bc5 23.Bxc5 Qxc5+ 24.Kh1 h5 25.Qe2 Qc4 26.b3 Qh4 27.Nf1 e4 
28.Rd4 Re8 29.g3 Qg5 30.Ne3 h4 31.Kg2 hxg3 32.hxg3 Nh5 33.Qf2 Nf6 34.Qf4 
Qxf4 35.gxf4 Nh5 36.Rd7 Nxf4+ 37.Kf1 Rb8 38.c4 Kf8 39.Ng4 Re8 40.Kf2 Nd3+ 
41.Ke3 Ne1 42.f6 gxf6 43.Nxf6 Re6 44.Nh5 Ng2+ 45.Ke2 Re5 46.Ng3 e3 47.Rd4 
f5 48.Kf3 Ne1+ 49.Ke2 Ng2 50.Kf3 Ne1+ 51.Ke2 Nc2 52.Rf4 Ke7 53.Kd1 Ke6 54.
Rh4 Nb4 55.Rh6+ Kf7 56.Ne2 Kg7 57.Rd6 Nc6 58.a3 Kf7 59.b4 Re4 60.c5 f4 61.
b5 f3 62.Ke1 Ne5 63.c6 bxc6 64.bxc6 Rh4 65.Ng3 Rc4 66.Kd1 Nxc6 67.Rd3 e2+ 
68.Nxe2 fxe2+ 69.Kxe2 Ke6 70.Rh3 Rd4 71.Ke3 Kd5 72.Ke2 Kc5 73.Rb3 a5 74.
Rb2 Ra4 75.Rc2+ Rc4 76.Rb2 Rc3 77.Ra2 Kc4 78.Kd2 Nd4 79.a4 Rh3 0-1

[Event "XXXIII Olimpiadi"]
[Site "Elista RUS"]
[Date "1998.10.10"]
[Round "11.3"]
[White "Dydyshko, Viacheslav"]
[Black "Arlandi, Ennio"]
[Result "1/2-1/2"]
[WhiteElo "2495"]
[BlackElo "2440"]
[Annotator "ITA-BLR"]
[PlyCount "56"]
[EventDate "1998.09.29"]

1.d4 Nf6 2.c4 e6 3.Nf3 d5 4.Nc3 Be7 5.Bg5 O-O 6.Rc1 h6 7.Bh4 b6 8.cxd5 
exd5 9.e3 Bb7 10.Bd3 Nbd7 11.O-O Ne4 12.Bxe7 Qxe7 13.Bb1 c5 14.dxc5 Nxc3 
15.Rxc3 bxc5 16.Qb3 Rfb8 17.Rd1 g6 18.Qa4 Rc8 19.a3 a5 20.Qf4 Kg7 21.Ba2 
Nf6 22.Qe5 Qxe5 23.Nxe5 Rab8 24.Rc2 Ba8 25.Rdc1 Re8 26.Nf3 Ne4 27.Nd2 Nxd2
28.Rxd2 c4 1/2-1/2

[Event "XXXIII Olimpiadi"]
[Site "Elista RUS"]
[Date "1998.10.10"]
[Round "11.4"]
[White "Borgo, Giulio"]
[Black "Kochetkov, German"]
[Result "1/2-1/2"]
[WhiteElo "2445"]
[BlackElo "2405"]
[Annotator "ITA-BLR"]
[PlyCount "120"]
[EventDate "1998.09.29"]

1.e4 c5 2.Nf3 Nc6 3.d4 cxd4 4.Nxd4 e5 5.Nb5 d6 6.c4 Be7 7.N1c3 a6 8.Na3 
Nf6 9.Be2 Nd4 10.Bd3 O-O 11.Nc2 b5 12.Nxd4 exd4 13.Nd5 Bb7 14.O-O bxc4 15.
Bxc4 Nxd5 16.exd5 Qb6 17.b3 Bf6 18.Bb2 Qc5 19.Qf3 Rfe8 20.Rad1 Re7 21.Qf5 
Be5 22.g3 Rae8 23.Qd3 Bc8 24.Kg2 Bg4 25.f3 Bd7 26.Bxd4 Qc8 27.Kf2 Bb5 28.
Bxb5 Qh3 29.Kg1 Bxd4+ 30.Qxd4 axb5 31.Qg4 Qh6 32.Rf2 Rc7 33.Kg2 g6 34.Qb4 
Rc5 35.a4 Qe3 36.axb5 h5 37.b6 Rb8 38.Re1 Qc3 39.Re4 Qa1 40.Rc4 Rxd5 41.
Rc7 Rc5 42.Rxc5 dxc5 43.Qb5 Qf6 44.Qxc5 Qxb6 45.Qxb6 Rxb6 46.Rb2 Kg7 47.b4
Kf6 48.Kf2 Ke5 49.Ke3 g5 50.Kd3 Kd5 51.Kc3 Rc6+ 52.Kb3 Kd4 53.Rd2+ Ke3 54.
Rd5 f6 55.Rc5 Re6 56.b5 Kxf3 57.Rc6 Re5 58.Rxf6+ Kg2 59.Kc4 Kxh2 60.Rf3 
Kg2 1/2-1/2

[Event "XXXIII Olimpiadi"]
[Site "Elista RUS"]
[Date "1998.10.11"]
[Round "12.1"]
[White "Efimov, Igor"]
[Black "Polak, Tomas"]
[Result "1-0"]
[WhiteElo "2530"]
[BlackElo "2525"]
[Annotator "ITA-CZE"]
[PlyCount "137"]
[EventDate "1998.09.29"]

1.e4 c6 2.d4 d5 3.Nc3 dxe4 4.Nxe4 Nd7 5.Ng5 Ngf6 6.Bd3 e6 7.N1f3 Bd6 8.Qe2
h6 9.Ne4 Nxe4 10.Qxe4 Nf6 11.Qe2 Qc7 12.Bd2 b6 13.O-O-O Bb7 14.Ne5 O-O-O 
15.f4 Kb8 16.Kb1 Rhe8 17.Rhe1 Nd5 18.Rh1 Bf8 19.Bc1 Nf6 20.Nf3 Bd6 21.Qe4 
Nd7 22.Qe3 Nf6 23.Qe2 Bc8 24.Bd2 Bb7 25.Kc1 Rh8 26.Ne5 Rhe8 27.Kb1 Nd5 28.
Rhe1 Bf8 29.Rh1 Bc8 30.Bc1 Nf6 31.Nf3 Bd6 32.Qe4 Nd7 33.Qe3 Nf6 34.Qe2 Bb7
35.Ne5 Rh8 36.Bd2 Rhe8 37.Rhe1 Nd5 38.Rh1 Bf8 39.Bc1 Nf6 40.Nf3 Bd6 41.Qe4
Nd7 42.Qe3 Nf6 43.Qe2 Bc8 44.Bd2 Bb7 45.Kc1 Rh8 46.Ne5 Rhe8 47.Kb1 Nd5 48.
Rhe1 Nb4 49.g3 f6 50.Be4 Nd5 51.a3 Ba6 52.Nd3 Re7 53.Bg6 f5 54.Qf3 Bb7 55.
Ne5 Nf6 56.Qb3 Ne4 57.Bb4 Bc5 58.Bxc5 Rd6 59.Qe3 Qc8 60.g4 bxc5 61.Qb3 Ka8
62.gxf5 exf5 63.Ka1 Rc7 64.Bf7 Qf8 65.Be6 Qe7 66.Bxf5 a6 67.Qb6 Nf6 68.c4 
g5 69.Ng6 1-0

[Event "XXXIII Olimpiadi"]
[Site "Elista RUS"]
[Date "1998.10.11"]
[Round "12.3"]
[White "Arlandi, Ennio"]
[Black "Babula, Vlastimil"]
[Result "1/2-1/2"]
[WhiteElo "2440"]
[BlackElo "2575"]
[Annotator "ITA-CZE"]
[PlyCount "94"]
[EventDate "1998.09.29"]

1.d4 Nf6 2.c4 g6 3.Nc3 Bg7 4.e4 d6 5.Nf3 O-O 6.Be2 e5 7.O-O Nc6 8.d5 Ne7 
9.Nd2 a5 10.a3 Bd7 11.b3 c6 12.Bb2 c5 13.Nb5 Nc8 14.b4 axb4 15.axb4 Rxa1 
16.Bxa1 cxb4 17.Qc2 Bh6 18.Bd3 Bxb5 19.cxb5 Nb6 20.Rb1 Nfd7 21.Rxb4 Qa8 
22.Bc3 Rc8 23.Nc4 Nxc4 24.Rxc4 Rxc4 25.Bxc4 Qa3 26.Qb2 Bc1 27.Qxa3 Bxa3 
28.Bd3 h5 29.g3 Bc5 30.Kg2 Kg7 31.f4 Kf6 32.Kf3 Bg1 33.h3 Ke7 34.Bc2 Bb6 
35.Bb1 Bc5 36.Bd3 Ba3 37.Bc2 Bc5 38.Bb2 Bb4 39.Bc1 Kd8 40.Bb2 Kc7 41.Bd3 
Kb6 42.Bc1 Ka5 43.Be3 Bc5 44.Bd2+ Ka4 45.g4 hxg4+ 46.Kxg4 exf4 47.Bxf4 f6 
1/2-1/2

[Event "XXXIII Olimpiadi"]
[Site "Elista RUS"]
[Date "1998.10.11"]
[Round "12.4"]
[White "Oral, Tomas"]
[Black "Borgo, Giulio"]
[Result "1-0"]
[WhiteElo "2510"]
[BlackElo "2445"]
[Annotator "ITA-CZE"]
[PlyCount "111"]
[EventDate "1998.09.29"]

1.e4 c5 2.Nf3 e6 3.b3 Nc6 4.Bb5 Qf6 5.c3 Ne5 6.Be2 Nxf3+ 7.Bxf3 Ne7 8.O-O 
Nc6 9.Bb2 d6 10.d4 Be7 11.Re1 Bd7 12.Na3 e5 13.dxc5 dxc5 14.Nc4 Rd8 15.Ne3
O-O 16.Nd5 Qg6 17.Qe2 Bd6 18.Rad1 Ne7 19.Bh5 Qe6 20.Ne3 Bc6 21.Bg4 Qf6 22.
Nd5 Nxd5 23.exd5 Bd7 24.c4 Rfe8 25.Rd3 Bxg4 26.Qxg4 Re7 27.Rg3 Rde8 28.Bc1
h6 29.Re4 Kh7 30.Qh3 Rh8 31.Bg5 Qg6 32.Bxh6 gxh6 33.Rxg6 fxg6 34.Qe3 Rf8 
35.Rh4 Rf4 36.Rxf4 exf4 37.Qc3 b6 38.g3 Rf7 39.Qe1 Re7 40.Qc3 Rf7 41.h4 
Rf5 42.g4 Re5 43.Kg2 a5 44.Kf3 h5 45.gxh5 gxh5 46.Qc1 Kg6 47.Qa3 Rf5 48.
Qa4 Rf6 49.Qe8+ Kg7 50.Qxh5 Bf8 51.Qe8 Kh6 52.h5 Kg5 53.Ke4 Bd6 54.Qd8 Bf8
55.Ke5 Bg7 56.h6 1-0

[Event "XXXIII Olimpiadi"]
[Site "Elista RUS"]
[Date "1998.10.12"]
[Round "13.2"]
[White "Godena, Michele"]
[Black "Kotsur, Pavel"]
[Result "1-0"]
[WhiteElo "2510"]
[BlackElo "2515"]
[Annotator "ITA-KAZ"]
[PlyCount "76"]
[EventDate "1998.09.29"]

1.e4 g6 2.d4 Bg7 3.c3 d6 4.Nf3 Nf6 5.Bd3 O-O 6.O-O c5 7.h3 Nc6 8.d5 Na5 9.
Re1 e6 10.Na3 a6 11.b4 exd5 12.bxa5 dxe4 13.Bxe4 d5 14.Bc2 Qxa5 15.Nb1 b5 
16.Bf4 Qb6 17.Nbd2 Bb7 18.Be5 Rfe8 19.a4 Bh6 20.axb5 axb5 21.Rxa8 Rxa8 22.
Nh2 Re8 23.Bxf6 Rxe1+ 24.Qxe1 Qxf6 25.Ng4 Qf4 26.Nxh6+ Qxh6 27.Qe8+ Kg7 
28.Qe5+ Kg8 29.Qb8+ Kg7 30.Qe5+ Kg8 31.Nb3 c4 32.Qb8+ Kg7 33.Qe5+ Kg8 34.
Nd4 Qc1+ 35.Kh2 Qd2 36.Qe3 Qxe3 37.fxe3 Ba6 38.Bd1 Bc8 1-0

[Event "XXXIII Olimpiadi"]
[Site "Elista RUS"]
[Date "1998.10.12"]
[Round "13.3"]
[White "Irzhanov, Ruslan"]
[Black "Borgo, Giulio"]
[Result "1-0"]
[WhiteElo "2535"]
[BlackElo "2445"]
[Annotator "ITA-KAZ"]
[PlyCount "71"]
[EventDate "1998.09.29"]

1.Nf3 c5 2.g3 Nc6 3.Bg2 g6 4.O-O Bg7 5.d3 e6 6.e4 Nge7 7.c3 d5 8.Qc2 O-O 
9.a4 Bd7 10.Re1 a6 11.Nbd2 Qc7 12.exd5 Nxd5 13.Nb3 b6 14.Nfd2 Rac8 15.Nc4 
Nce7 16.Qe2 Rfd8 17.h4 Be8 18.h5 b5 19.axb5 axb5 20.Ne3 Nf6 21.hxg6 hxg6 
22.d4 cxd4 23.Nxd4 b4 24.Bd2 Nfd5 25.Nxd5 Nxd5 26.Bg5 bxc3 27.Bxd8 Rxd8 
28.Rad1 cxb2 29.Bxd5 Rxd5 30.Nxe6 Qe5 31.Qxe5 Bxe5 32.Rxd5 Bc3 33.Rd8 fxe6
34.Rxe8+ Kf7 35.R8xe6 Bd2 36.Re7+ 1-0

[Event "I Festival Riviera delle Palme A"]
[Site "San Benedetto del Tronto ITA"]
[Date "1998.09.??"]
[Round "1"]
[White "Lauria, Amilcare"]
[Black "Casula, Stefano"]
[Result "1-0"]
[WhiteElo "2255"]
[BlackElo "1909"]
[PlyCount "73"]
[EventDate "1998.09.06"]

1. e4 d5 2. exd5 Qxd5 3. Nc3 Qa5 4. d4 Nf6 5. Nf3 c6 6. h3 Bf5 7. Bd2 e6 8. Ne4
Qd8 9. Ng3 Bg6 10. Bc4 Bd6 11. Ne5 Nbd7 12. Nxg6 hxg6 13. Qe2 Nb6 14. O-O-O Qc7
15. Bb3 O-O-O 16. Ne4 Be7 17. Ng5 Rxd4 18. Nxf7 Re8 19. Ng5 Bd6 20. g3 Bf8 21.
Bc3 Rxd1+ 22. Rxd1 Nbd5 23. Be5 Qb6 24. Kb1 Nd7 25. Nf7 Nxe5 26. Nxe5 Bc5 27.
c4 Nf6 28. f4 Bd4 29. c5 Qxc5 30. Nxg6 e5 31. fxe5 Bxe5 32. Bf7 Re7 33. Nxe7+
Qxe7 34. Re1 Nd7 35. Bh5 Kd8 36. Bg4 Bf6 37. Qxe7+ 1-0

[Event "I Festival Riviera delle Palme A"]
[Site "San Benedetto del Tronto ITA"]
[Date "1998.09.??"]
[Round "1"]
[White "Luciani, Valerio"]
[Black "Rotstein, Arkadij"]
[Result "0-1"]
[WhiteElo "2230"]
[BlackElo "2515"]
[PlyCount "80"]
[EventDate "1998.09.06"]

1. e4 c5 2. Nc3 Nc6 3. g3 g6 4. Bg2 Bg7 5. d3 d6 6. Be3 Rb8 7. Qd2 b5 8. Nge2
Nd4 9. O-O Qa5 10. Nc1 Bh3 11. f3 Bxg2 12. Kxg2 b4 13. Nd1 Qa4 14. Rf2 h5 15.
c3 bxc3 16. bxc3 Nc6 17. Qc2 Qxc2 18. Rxc2 Nf6 19. d4 cxd4 20. cxd4 Kd7 21. Nd3
e6 22. Rac1 Rhc8 23. Nc3 Nb4 24. Nxb4 Rxb4 25. Ne2 Rxc2 26. Rxc2 Ne8 27. f4 Nc7
28. Kf3 Nb5 29. Rd2 a5 30. e5 d5 31. Nc1 Bf8 32. Ke2 Rc4 33. Rb2 Bb4 34. Nb3
Kc6 35. Kd3 a4 36. Nd2 Rc3+ 37. Ke2 Ba3 38. Rb1 Rc2 39. Ra1 Bb2 40. Rb1 Nc3+
0-1

[Event "I Festival Riviera delle Palme A"]
[Site "San Benedetto del Tronto ITA"]
[Date "1998.09.??"]
[Round "1"]
[White "Maksimovic, Miodrag"]
[Black "Aldrovandi, Costantino"]
[Result "0-1"]
[WhiteElo "1910"]
[BlackElo "2280"]
[PlyCount "98"]
[EventDate "1998.09.06"]

1. Nf3 Nf6 2. g3 b6 3. Bg2 Bb7 4. c4 c5 5. O-O g6 6. b3 Bg7 7. Bb2 O-O 8. e3 d6
9. d4 Nbd7 10. Nc3 a6 11. Qe2 Ne4 12. Nxe4 Bxe4 13. Rfd1 Qc7 14. Rd2 Qb7 15.
Rad1 Rab8 16. dxc5 bxc5 17. Ne1 Bxg2 18. Nxg2 a5 19. e4 Bxb2 20. Rxb2 Ne5 21.
Ne1 Nc6 22. f4 Nd4 23. Qe3 e5 24. h4 f6 25. g4 exf4 26. Qxf4 Rbe8 27. Qxd6 Qxe4
28. Qd5+ Qxd5 29. cxd5 Re4 30. Rg2 Rd8 31. Nc2 Rxd5 32. Nxd4 cxd4 33. Rd3 Kf7
34. Kh2 Ke6 35. Kg3 Ke5 36. Rc2 h5 37. gxh5 gxh5 38. Rc8 Rg4+ 39. Kf3 Rxh4 40.
Rd1 d3 41. Re8+ Kf5 42. Rd2 Re5 43. Rd8 Rf4+ 44. Kg3 h4+ 45. Kh3 Re3+ 46. Kg2
Re2+ 47. Rxe2 dxe2 48. Re8 h3+ 49. Kg3 Re4 0-1

[Event "I Festival Riviera delle Palme A"]
[Site "San Benedetto del Tronto ITA"]
[Date "1998.09.??"]
[Round "1"]
[White "Sbraccia, Giovanni"]
[Black "Naumkin, Igor"]
[Result "0-1"]
[WhiteElo "2115"]
[BlackElo "2475"]
[PlyCount "77"]
[EventDate "1998.09.06"]

1. g3 e5 2. Bg2 d5 3. d3 Nf6 4. Nd2 Nc6 5. e4 dxe4 6. dxe4 Bc5 7. h3 O-O 8.
Ngf3 a5 9. O-O a4 10. c3 b6 11. Qc2 Ba6 12. b4 axb3 13. axb3 Bxf1 14. Rxa8 Qxa8
15. Bxf1 Ba3 16. Bxa3 Qxa3 17. b4 Re8 18. Bc4 h6 19. g4 Nd8 20. g5 hxg5 21.
Nxg5 c6 22. Bb3 b5 23. Qd1 g6 24. Qf3 Kg7 25. h4 Qc1+ 26. Nf1 Qf4 27. Qg3 Nxe4
28. Nxe4 Qxe4 29. Ne3 Qf4 30. Qg2 Rh8 31. Bc2 Kf8 32. Be4 Qxh4 33. Bxc6 Rh5 34.
Qd5 Nxc6 35. Qxc6 e4 36. Qd6+ Kg8 37. Kf1 Qh1+ 38. Ke2 Qf3+ 39. Ke1 0-1

[Event "I Festival Riviera delle Palme A"]
[Site "San Benedetto del Tronto ITA"]
[Date "1998.09.??"]
[Round "1"]
[White "Scavo, Fernando"]
[Black "Oppici, Gabriele"]
[Result "1/2-1/2"]
[WhiteElo "2290"]
[BlackElo "2085"]
[PlyCount "85"]
[EventDate "1998.09.06"]

1. e4 Nc6 2. Nf3 d6 3. d4 Nf6 4. Nc3 Bg4 5. Be2 e6 6. Bg5 Be7 7. h3 Bh5 8. d5
exd5 9. exd5 Bxf3 10. Bxf3 Nxd5 11. Nxd5 Bxg5 12. Qe2+ Kf8 13. Rd1 Ne5 14. Be4
c6 15. Nc3 g6 16. O-O Be7 17. f4 Nd7 18. f5 Kg7 19. Kh1 Re8 20. Qf2 g5 21. Bd3
Bf6 22. Ne4 d5 23. Ng3 Kh6 24. c4 Qb6 25. cxd5 Qxf2 26. Rxf2 cxd5 27. Bb5 Re7
28. Rxd5 Re1+ 29. Kh2 Re5 30. Rxd7 Rxb5 31. Rd6 Rb6 32. Rfd2 Rc8 33. Ne4 Rcc6
34. Rxf6+ Rxf6 35. Nxf6 Rxf6 36. g4 Rb6 37. b3 Kg7 38. Kg3 Kf6 39. h4 h6 40.
hxg5+ hxg5 41. Rh2 Ke5 42. Rh7 f6 43. Kf3 1/2-1/2